000 00221nam a2200085Ia 4500
008 120527s9999 xx 000 0 und d
100 _aMoore &Elkin
245 _aLabor and Economics: an introduction to analysis
942 _cBK
999 _c27278
_d27278